000 00235nam a2200097Ia 4500
008 120527s9999 xx 000 0 und d
100 _aUNDP
245 _aHuman development report 2000.
260 _bOxford University Press
942 _cBK
999 _c23614
_d23614